000 00814nam a2200253 i 4500
001 15700
003 ES-MaACL
005 20240516063021.0
007 t|
008 000504s1998 sp ||||0| spa j
020 _a84-87136-88-5
040 _aM-BN
_bspa
_cM-BN
080 _a914.602.88 Hellín
100 1 _aPretel Marín, Aurelio,
_d1950-
_993800
245 1 0 _aHellín medieval /
_cAurelio Pretel Marín.
260 _aAlbacete :
_bInstituto de Estudios Albacetenses "Don Juan Manuel",
_c1998.
300 _a223 p. :
_bil. ;
_c22 cm.
490 1 _aSerie I--Estudios ;
_v106
651 4 _aHellín-
_xHistoria.
_98819
710 2 _aInstituto de Estudios Albacetenses.
_94884
830 0 _aSerie I--Estudios ;
_v106
_9179228
852 _aES-MaACL
_jL-23033
_bR.127191
999 _c15700
_d15700